Statistiken für Länder nach Menschen benannt

Klicken Sie hier um das Quiz zu spielen!

Allgemein

  • Dieses Quiz wurde 471 mal gespielt
  • Das Durchschnittsergebnis liegt bei 10 aus 16

Antwortstatistiken

PersonLand% Korrekt
Simon BolivarBolivien
96%
Christoph KolumbusKolumbien
92%
Muhammed al SaudSaudi Arabien
91%
Jean Moreau de SechellesSeychellen
90%
John MarshallMarshall Inseln
89%
Sankt DominikusDominikanische Republik
87%
Heiliger GeorgGeorgien
85%
NicaroaNicaragua
84%
Philipp II.Philippinen
84%
Amerigo VespucciVereinigte Staaten von Amerika
55%
Lucia von SyrakusSaint Lucia
53%
Moritz von Oranien, Graf von NassauMauritius
45%
Heilige MarinusSan Marino
41%
Öz Bekh KhanUsbekistan
28%
Jesus von NazaretEl Salvador
9%
Thomas GilbertKiribati
5%

Verteilung der Resultate

Perzentil nach korrekt beantworteten Fragen

Anzahl Personen mit jedem Resultat

Ihre Resultats-Entwicklung

Sie haben dieses Quiz noch nicht gespielt